New Challenges in Project Financing of the Belt and Road Initiative

Guardado en:
Detalles Bibliográficos
Autor principal: Jančíková, Eva, 1960-
Formato: Capítulo de libro
Lenguaje:inglés
Etiquetas: Agregar Etiqueta
Sin Etiquetas, Sea el primero en etiquetar este registro!

MARC

LEADER 00000naa$a2200000$$$4500
001 0280906
005 20240502083859.7
041 0 |a eng 
044 |a CN 
245 1 0 |a New Challenges in Project Financing of the Belt and Road Initiative  |c Eva Jančíková 
100 1 |a Jančíková, Eva, 1960-